000 00335nam a2200133Ia 4500
005 20260328101448.0
008 260328s9999||||xx |||||||||||||| ||und||
100 _aBusignani, Alberto
245 0 _aGropius - Twentieth Century Masters /
_cAlberto Busignani
260 _bHamlyn
300 _a97 p.
650 _aARQUITECTOS
942 _cBK
999 _c8537
_d8537